Sports Quiz

Random Sports or NFL Quiz

NFL players Word Ladder Quiz Stats

 Plays Quiz not verified by Sporcle

Support Sporcle.
Go Orange.
Score 0/21 Timer 05:00
0 Plays Today
Name Word % Correct
Peyton ____ingMann
99.1%
Aaron Rod____Gers
85%
Drew B____Rees
83.7%
D____elo HallEang
81.7%
Nick ____oldMang
81%
Greg ____ingsJenn
78.9%
Ed ____Reed
77%
Shonn G____eReen
70.4%
____y BrittKenn
69.5%
Frank ____Gore
67.9%
Tas____ ChoiceHard
67.5%
Name Word % Correct
Chad ____eHenn
65.4%
D____re LevyeAnd
57.7%
Frank Sum____Mers
55%
Scott C____lerHand
54.2%
____y WebsterCore
53.7%
Ri____o MatthewsCard
52.3%
Pat An____rGere
51.6%
____en LewisKeen
47%
Brad ____terMees
45.7%
____aro HowardCord
38.7%

You're not logged in!

Compare scores with friends on all Sporcle quizzes.
OR
Log In

From the Vault

Most Well-Known Capitals on Sporcle

by WackyZacky

If people keep making quizzes about quizzes, soon we'll have quizception on our hands.
Remove Ads.
Support Sporcle.
Get the best of Sporcle when you Go Orange. This ad-free experience offers more features, more stats, and more fun while also helping to support Sporcle. Thank you for becoming a member.

Show Comments

Extras

Top Quizzes Today


Score Distribution

Your Account Isn't Verified!

In order to create a playlist on Sporcle, you need to verify the email address you used during registration. Go to your Sporcle Settings to finish the process.

Report this User

Report this user for behavior that violates our Community Guidelines.

Details: